[Event "Challenge"]
[Site "http://www.queenalice.com/game.php?id=291509"]
[Date "2007.10.23"]
[Round "-"]
[White "tomatito"]
[Black "guitarsoldier"]
[Result "1-0"]
[WhiteElo "1790"]
[BlackElo "1100"]

1. e4 e5 2. Nf3 d6 3. Bc4 h6 4. O-O Nf6 5. d4 exd4 6. Qxd4 Be6 7. Bxe6 fxe6 8.
e5 Nc6 9. Qa4 Nd7 10. exd6 cxd6 11. Re1 e5 12. Qg4 Nf6 13. Qg6+ Kd7 14. Nc3 Qe8
15. Qf5+ Kc7 16. Nb5+ Kb6 17. c4 Qh5 18. Be3+ Ka5 19. Qc2 e4 20. Nd2 Ng4 21.
Qc3+ Nb4 22. Qa3# 1-0

[Event "Challenge"]
[Site "http://www.queenalice.com/game.php?id=295501"]
[Date "2007.10.30"]
[Round "-"]
[White "Dean20"]
[Black "guitarsoldier"]
[Result "1-0"]
[WhiteElo "1659"]
[BlackElo "1100"]

1. e4 e5 2. Nf3 d6 3. g3 Nf6 4. d3 h6 5. Bg2 Be7 6. O-O Nc6 7. c3 Nh7 8. Be3 Bg4
9. d4 Bg5 10. Qe2 Qf6 11. d5 1-0

[Event "Challenge"]
[Site "http://www.queenalice.com/game.php?id=295505"]
[Date "2007.10.30"]
[Round "-"]
[White "El_Montes"]
[Black "guitarsoldier"]
[Result "1-0"]
[WhiteElo "1654"]
[BlackElo "1100"]

1. e4 e5 2. Bc4 Nc6 3. Qh5 Qf6 4. d3 g6 5. Bg5 gxh5 6. Bxf6 Nxf6 7. Nf3 d6 8.
Ng5 Nd4 9. Bxf7+ Ke7 10. Na3 h6 11. Bxh5 hxg5 12. Bg6 Rh6 13. Bf5 1-0

[Event "Challenge"]
[Site "http://www.queenalice.com/game.php?id=295769"]
[Date "2007.10.31"]
[Round "-"]
[White "guitarsoldier"]
[Black "mateus_amorim"]
[Result "0-1"]
[WhiteElo "1086"]
[BlackElo "1734"]

1. e4 e5 2. Nf3 d6 3. Bb5+ c6 4. Be2 Be7 5. d4 exd4 6. Qxd4 Bf6 7. e5 c5 8. Bb5+
Bd7 9. Bxd7+ Nxd7 10. Qxd6 Be7 11. Qd1 c4 12. O-O Qc7 13. Nc3 O-O-O 14. Nd5 Qc5
15. Be3 Qa5 16. Qd4 Bc5 17. Qxc4 b6 18. b4 Qa4 19. Qc3 Qb5 20. bxc5 Nxc5 0-1

[Event "Challenge"]
[Site "http://www.queenalice.com/game.php?id=295784"]
[Date "2007.10.31"]
[Round "-"]
[White "guitarsoldier"]
[Black "aarongale"]
[Result "0-1"]
[WhiteElo "1092"]
[BlackElo "1732"]

1. e4 g6 2. d4 Bg7 3. Nc3 c5 4. Be3 Nc6 5. dxc5 Bxc3+ 6. bxc3 Qa5 7. Qd2 f6 8.
Bc4 Ne5 9. Bxg8 Rxg8 10. Ne2 Nc4 0-1

[Event "Challenge"]
[Site "http://www.queenalice.com/game.php?id=295787"]
[Date "2007.10.31"]
[Round "-"]
[White "lezeu63"]
[Black "guitarsoldier"]
[Result "1-0"]
[WhiteElo "1667"]
[BlackElo "1096"]

1. e4 e5 2. Nf3 d6 3. Bc4 h6 4. O-O a6 5. d4 exd4 6. Nxd4 Be7 7. Nc3 Nf6 8. Qf3
Bd7 9. Bf4 Nc6 10. Rad1 Bg4 11. Qg3 Bxd1 12. Rxd1 Nxd4 13. Rxd4 Nh5 14. Qg4 Bf6
15. Rd5 Nxf4 16. Qxf4 Qe7 17. Rd3 Bxc3 18. Rxc3 O-O 19. g3 Qg5 20. Qxg5 hxg5 21.
Rb3 Rab8 22. Kg2 Rfe8 23. Re3 Re5 24. f4 gxf4 25. gxf4 Re7 26. e5 c6 27. Kf3
dxe5 28. fxe5 g6 29. Ke4 Kg7 30. Kf4 Rd8 31. e6 Rd4+ 32. Re4 Rxe4+ 33. Kxe4 fxe6
34. Ke5 Kf7 35. Kd6 Kf6 36. h4 1-0

[Event "Challenge"]
[Site "http://www.queenalice.com/game.php?id=295795"]
[Date "2007.10.31"]
[Round "-"]
[White "guitarsoldier"]
[Black "tomatito"]
[Result "0-1"]
[WhiteElo "1100"]
[BlackElo "1819"]

1. e4 e5 2. Nf3 Nc6 3. h3 d5 4. exd5 Qxd5 5. Nc3 Qd8 6. Bb5 Bd6 7. O-O Nf6 8. d4
e4 9. Re1 Bf5 10. d5 O-O 11. dxc6 exf3 12. cxb7 Rb8 13. Qxf3 Bd7 14. Bg5 Be7 15.
Rad1 Bd6 16. Bxf6 gxf6 17. Bxd7 Qxd7 18. Ne4 Kh8 19. Qxf6+ Kg8 0-1

[Event "Challenge"]
[Site "http://www.queenalice.com/game.php?id=295893"]
[Date "2007.10.31"]
[Round "-"]
[White "guitarsoldier"]
[Black "lezeu63"]
[Result "1-0"]
[WhiteElo "1100"]
[BlackElo "1629"]

1. e4 e5 2. Nf3 Nc6 3. h3 Nf6 4. d3 Bc5 5. Nc3 d5 6. Bg5 O-O 7. Nxd5 Be6 8.
Nxf6+ gxf6 9. Bd2 Bd4 10. Nxd4 exd4 11. Be2 f5 12. O-O fxe4 13. dxe4 Qe7 14. Re1
Rad8 15. a3 Rd6 16. Bd3 Qf6 17. e5 Nxe5 18. Bb4 Rb6 19. Qh5 Rc8 20. Qxh7# 1-0

[Event "Challenge"]
[Site "http://www.queenalice.com/game.php?id=298717"]
[Date "2007.11.5"]
[Round "-"]
[White "captainslog"]
[Black "guitarsoldier"]
[Result "1-0"]
[WhiteElo "1670"]
[BlackElo "1100"]

1. f4 d5 2. d4 Bf5 3. Nc3 Nd7 4. e3 Ngf6 5. Bd3 Ne4 6. Bxe4 dxe4 7. g4 e6 8. Qe2
Qh4+ 9. Qf2 Qxg4 10. Nge2 Nb6 11. Rg1 Qf3 12. Rf1 Bb4 13. Bd2 Qxf2+ 14. Rxf2 O-O
15. b3 Bg4 16. Nxe4 Bxd2+ 17. Nxd2 Rad8 18. c4 Rd7 19. Ne4 f5 20. Nc5 Rd6 21.
Nxb7 Nd7 22. Na5 c5 23. Nb7 Rc6 24. Nxc5 Nxc5 25. dxc5 Bxe2 26. Rxe2 Rxc5 27.
O-O-O a5 28. Red2 a4 29. Rd8 Rxd8 30. Rxd8+ Kf7 31. Kb2 axb3 32. axb3 Kf6 33.
Kc3 e5 34. b4 1-0

[Event "Challenge"]
[Site "http://www.queenalice.com/game.php?id=299243"]
[Date "2007.11.6"]
[Round "-"]
[White "jonathanodonnell"]
[Black "guitarsoldier"]
[Result "1-0"]
[WhiteElo "1728"]
[BlackElo "1100"]

1. e4 e5 2. Nf3 d6 3. Bc4 h6 4. Nc3 Nf6 5. O-O Be7 6. d4 exd4 7. Nxd4 O-O 8. h3
Nh7 9. Be3 Be6 10. Bxe6 fxe6 11. Nxe6 1-0

[Event "Challenge"]
[Site "http://www.queenalice.com/game.php?id=299296"]
[Date "2007.11.6"]
[Round "-"]
[White "marcosbratz"]
[Black "guitarsoldier"]
[Result "1-0"]
[WhiteElo "1710"]
[BlackElo "1082"]

1. e4 e5 2. Nf3 d6 3. d4 exd4 4. Nxd4 h6 5. Bc4 Nd7 6. O-O Ne7 7. Re1 Ne5 8. f4
Nxc4 9. b3 Na5 10. Bd2 Nac6 11. Nxc6 Nxc6 12. Nc3 1-0